[Event "GM/IM 2015 Chess House"]
[Site "?"]
[Date "2015.02.12"]
[Round "7.1"]
[White "Kasparov, Sergey"]
[Black "Donchenko, Alexander"]
[Result "1/2-1/2"]
[LiveChessVersion "1.4.2"]
[BlackElo "2552"]
[WhiteElo "2477"]

1. e4 {[%clk 1:30:55]} c5 {[%clk 1:30:08]} 2. Nf3 {[%clk 1:30:37]} d6
{[%clk 1:30:24]} 3. d4 {[%clk 1:30:59]} cxd4 {[%clk 1:30:08]} 4. Nxd4
{[%clk 1:30:57]} Nf6 {[%clk 1:30:30]} 5. f3 {[%clk 1:31:22]} e5 {[%clk 1:30:23]}
6. Nb3 {[%clk 1:30:52]} a5 {[%clk 1:30:04]} 7. Nc3 {[%clk 1:31:17]} Be6
{[%clk 1:27:19]} 8. Be3 {[%clk 1:30:52]} Be7 {[%clk 1:26:08]} 9. Bb5+
{[%clk 1:28:34]} Nbd7 {[%clk 1:24:14]} 10. Na4 {[%clk 1:21:45]} O-O
{[%clk 1:17:22]} 11. c4 {[%clk 1:17:51]} Qb8 {[%clk 0:54:17]} 12. O-O
{[%clk 1:15:17]} Bd8 {[%clk 0:53:53]} 13. Qd2 {[%clk 1:13:09]} Bc7
{[%clk 0:54:02]} 14. Kh1 {[%clk 1:06:53]} Qd8 {[%clk 0:50:23]} 15. Qf2
{[%clk 0:59:26]} Qe7 {[%clk 0:45:12]} 16. Rac1 {[%clk 0:53:04]} Rfc8
{[%clk 0:44:35]} 17. Rfd1 {[%clk 0:46:26]} Ne8 {[%clk 0:41:49]} 18. Nc3
{[%clk 0:43:28]} Nef6 {[%clk 0:37:08]} 19. Rc2 {[%clk 0:36:23]} h6
{[%clk 0:35:06]} 20. Rdc1 {[%clk 0:34:24]} Bd8 {[%clk 0:31:25]} 21. Nd5
{[%clk 0:32:37]} Qf8 {[%clk 0:31:45]} 22. Nd2 {[%clk 0:31:18]} Nc5
{[%clk 0:30:28]} 23. Qe2 {[%clk 0:31:06]} a4 {[%clk 0:29:47]} 24. Nb1
{[%clk 0:27:20]} Nfd7 {[%clk 0:29:06]} 25. Bxd7 {[%clk 0:26:33]} Bxd7
{[%clk 0:28:10]} 26. Nbc3 {[%clk 0:26:38]} Ba5 {[%clk 0:25:01]} 27. h3
{[%clk 0:23:14]} Bxc3 {[%clk 0:22:46]} 28. bxc3 {[%clk 0:21:56]} Rc6
{[%clk 0:18:46]} 29. Rb1 {[%clk 0:21:47]} Be6 {[%clk 0:15:59]} 30. Bxc5
{[%clk 0:15:46]} Rxc5 {[%clk 0:16:24]} 31. Rxb7 {[%clk 0:16:07]} Bxd5
{[%clk 0:16:48]} 32. cxd5 {[%clk 0:16:23]} Qc8 {[%clk 0:16:51]} 33. Rb1
{[%clk 0:15:42]} Rxc3 {[%clk 0:15:31]} 34. Rbc1 {[%clk 0:15:45]} Rxc2
{[%clk 0:15:53]} 35. Qxc2 {[%clk 0:16:13]} Qd8 {[%clk 0:08:10]} 36. Qc7
{[%clk 0:15:19]} Qxc7 {[%clk 0:06:27]} 37. Rxc7 {[%clk 0:15:47]} Kf8
{[%clk 0:06:44]} 38. h4 {[%clk 0:15:22]} h5 {[%clk 0:05:48]} 39. a3
{[%clk 0:15:36]} Ke8 {[%clk 0:04:56]} 40. Kh2 {[%clk 0:15:52]} g6
{[%clk 0:04:22]} 41. Kh3 {[%clk 0:15:28]} Ra5 {[%clk 0:03:45]} 42. Kg3
{[%clk 0:15:20]} Ra8 {[%clk 0:03:35]} 43. Kf2 {[%clk 0:14:58]} Ra5
{[%clk 0:01:54]} 44. Ke2 {[%clk 0:14:15]} Ra8 {[%clk 0:01:03]} 45. Kd2
{[%clk 0:11:49]} Rb8 {[%clk 0:27:30]} 46. Kc2 {[%clk 0:42:26]} Rb3
{[%clk 0:26:40]} 47. Rc3 {[%clk 0:42:12]} Rb7 {[%clk 0:27:06]} 48. Rc6
{[%clk 0:38:41]} Rb3 {[%clk 0:27:20]} 49. Rc3 {[%clk 0:38:46]} Rb7
{[%clk 0:27:46]} 50. Rc4 {[%clk 0:38:40]} Ra7 {[%clk 0:28:06]} 51. g4
{[%clk 0:37:23]} hxg4 {[%clk 0:26:19]} 52. fxg4 {[%clk 0:37:25]} Kd7
{[%clk 0:26:20]} 53. Rb4 {[%clk 0:35:38]} Kc7 {[%clk 0:20:23]} 54. h5
{[%clk 0:34:26]} gxh5 {[%clk 0:20:40]} 55. gxh5 {[%clk 0:34:49]} Ra8
{[%clk 0:20:55]} 56. Rb1 {[%clk 0:31:43]} Rh8 {[%clk 0:21:03]} 57. Rh1
{[%clk 0:32:11]} Kb6 {[%clk 0:21:26]} 58. Kd3 {[%clk 0:32:13]} Kc5
{[%clk 0:21:37]} 59. h6 {[%clk 0:31:31]} Rh7 {[%clk 0:21:47]} 60. Rh3
{[%clk 0:30:48]} Kb5 {[%clk 0:22:10]} 61. Rh1 {[%clk 0:27:28]} Kc5
{[%clk 0:22:36]} 1/2-1/2

[Event "GM/IM 2015 Chess House"]
[Site "?"]
[Date "2015.02.12"]
[Round "7.2"]
[White "Kristiansen, Jens"]
[Black "Svane, Rasmus"]
[Result "1/2-1/2"]
[LiveChessVersion "1.4.2"]
[BlackElo "2512"]
[WhiteElo "2411"]

1. d4 {[%clk 1:30:56]} d5 {[%clk 1:30:56]} 2. c4 {[%clk 1:31:17]} c6
{[%clk 1:31:21]} 3. Nf3 {[%clk 1:31:39]} Nf6 {[%clk 1:31:49]} 4. Nc3
{[%clk 1:32:00]} dxc4 {[%clk 1:32:14]} 5. Ne5 {[%clk 1:31:00]} e6
{[%clk 1:27:01]} 6. g3 {[%clk 1:29:51]} b5 {[%clk 1:20:54]} 7. Bg2
{[%clk 1:29:42]} Qb6 {[%clk 1:15:27]} 8. O-O {[%clk 1:24:45]} Bb7
{[%clk 1:15:33]} 9. e4 {[%clk 1:18:48]} Be7 {[%clk 0:56:26]} 10. Be3
{[%clk 1:15:58]} O-O {[%clk 0:51:27]} 11. a4 {[%clk 1:07:05]} a6 {[%clk 0:46:47]}
12. b3 {[%clk 0:48:49]} cxb3 {[%clk 0:44:43]} 13. Qxb3 {[%clk 0:48:41]} b4
{[%clk 0:26:27]} 14. a5 {[%clk 0:46:34]} Qc7 {[%clk 0:26:23]} 15. Na4
{[%clk 0:46:36]} Nbd7 {[%clk 0:24:40]} 16. Nc4 {[%clk 0:44:21]} c5
{[%clk 0:23:34]} 17. Bf4 {[%clk 0:40:23]} Qd8 {[%clk 0:21:25]} 18. Nd6
{[%clk 0:39:05]} Bxd6 {[%clk 0:15:21]} 19. Bxd6 {[%clk 0:39:11]} Re8
{[%clk 0:12:22]} 20. e5 {[%clk 0:37:50]} Bxg2 {[%clk 0:12:27]} 21. Kxg2
{[%clk 0:38:12]} Ne4 {[%clk 0:12:43]} 22. dxc5 {[%clk 0:35:13]} Qxa5
{[%clk 0:09:26]} 23. Qe3 {[%clk 0:31:25]} Nxd6 {[%clk 0:09:48]} 24. exd6
{[%clk 0:31:43]} Qb5 {[%clk 0:09:25]} 25. Rfc1 {[%clk 0:23:51]} Rac8
{[%clk 0:09:54]} 26. Qd4 {[%clk 0:23:33]} Rc6 {[%clk 0:06:35]} 27. Qc4
{[%clk 0:17:41]} Kf8 {[%clk 0:04:29]} 28. Qxb5 {[%clk 0:12:15]} axb5
{[%clk 0:04:58]} 29. Nb6 {[%clk 0:12:30]} Nxb6 {[%clk 0:05:15]} 30. cxb6
{[%clk 0:12:15]} Rxd6 {[%clk 0:02:34]} 31. Rc7 {[%clk 0:11:29]} b3
{[%clk 0:02:08]} 32. Raa7 {[%clk 0:11:43]} b2 {[%clk 0:01:56]} 33. Rxf7+
{[%clk 0:12:06]} Kg8 {[%clk 0:02:23]} 34. Rxg7+ {[%clk 0:12:28]} Kh8
{[%clk 0:02:50]} 35. Rxh7+ {[%clk 0:12:50]} Kg8 {[%clk 0:03:15]} 36. Rag7+
{[%clk 0:12:50]} Kf8 {[%clk 0:03:37]} 37. Rf7+ {[%clk 0:13:13]} Kg8
{[%clk 0:04:03]} 38. Rfg7+ {[%clk 0:13:26]} Kf8 {[%clk 0:04:29]} 39. Rf7+
{[%clk 0:13:52]} Kg8 {[%clk 0:04:55]} 40. Rfg7+ {[%clk 0:14:18]} 1/2-1/2

[Event "GM/IM 2015 Chess House"]
[Site "?"]
[Date "2015.02.12"]
[Round "7.3"]
[White "Hagen, Andreas"]
[Black "Carlstedt, Jonathan"]
[Result "0-1"]
[LiveChessVersion "1.4.2"]
[BlackElo "2444"]
[WhiteElo "2440"]

1. d4 {[%clk 1:30:57]} d5 {[%clk 1:30:01]} 2. c4 {[%clk 1:31:22]} c6
{[%clk 1:30:25]} 3. Nf3 {[%clk 1:31:49]} Nf6 {[%clk 1:30:38]} 4. Nc3
{[%clk 1:32:16]} e6 {[%clk 1:29:33]} 5. e3 {[%clk 1:32:42]} Nbd7 {[%clk 1:28:54]}
6. Qc2 {[%clk 1:33:08]} Bd6 {[%clk 1:28:03]} 7. Bd3 {[%clk 1:33:34]} O-O
{[%clk 1:25:20]} 8. O-O {[%clk 1:34:00]} h6 {[%clk 1:19:43]} 9. e4
{[%clk 1:22:33]} dxe4 {[%clk 1:18:30]} 10. Nxe4 {[%clk 1:19:58]} Nxe4
{[%clk 1:18:54]} 11. Bxe4 {[%clk 1:20:24]} Nf6 {[%clk 1:19:17]} 12. c5
{[%clk 1:17:59]} Nxe4 {[%clk 1:17:14]} 13. Qxe4 {[%clk 1:18:22]} Be7
{[%clk 1:17:31]} 14. Bf4 {[%clk 1:13:31]} Qd5 {[%clk 1:14:17]} 15. Qc2
{[%clk 1:10:36]} b6 {[%clk 1:11:23]} 16. Rfe1 {[%clk 1:02:40]} Ba6
{[%clk 1:07:25]} 17. Re5 {[%clk 0:50:24]} Qc4 {[%clk 1:07:06]} 18. Qd2
{[%clk 0:42:03]} Qd3 {[%clk 1:06:07]} 19. Qxd3 {[%clk 0:37:08]} Bxd3
{[%clk 1:06:28]} 20. Re3 {[%clk 0:37:29]} Bc4 {[%clk 1:00:25]} 21. Ne5
{[%clk 0:36:16]} Bd5 {[%clk 1:00:48]} 22. cxb6 {[%clk 0:31:07]} axb6
{[%clk 1:00:49]} 23. Nd7 {[%clk 0:31:31]} Rfd8 {[%clk 1:01:00]} 24. Nxb6
{[%clk 0:31:03]} Rxa2 {[%clk 1:01:06]} 25. Rb1 {[%clk 0:29:41]} Bg5
{[%clk 0:53:47]} 26. Bxg5 {[%clk 0:25:54]} hxg5 {[%clk 0:54:08]} 27. Kf1
{[%clk 0:18:05]} Rb8 {[%clk 0:49:19]} 28. Nxd5 {[%clk 0:18:23]} cxd5
{[%clk 0:49:42]} 29. Re2 {[%clk 0:18:02]} Rb4 {[%clk 0:50:04]} 30. Rd2
{[%clk 0:18:23]} Kf8 {[%clk 0:50:27]} 31. Ke2 {[%clk 0:18:23]} Ke7
{[%clk 0:50:51]} 32. Kd3 {[%clk 0:15:15]} Kd6 {[%clk 0:50:55]} 33. Kc3
{[%clk 0:12:18]} Rc4+ {[%clk 0:50:54]} 34. Kd3 {[%clk 0:12:20]} f6
{[%clk 0:50:32]} 35. Rc2 {[%clk 0:11:20]} Rb4 {[%clk 0:49:08]} 36. Kc3
{[%clk 0:10:53]} Rb6 {[%clk 0:47:09]} 37. Rbc1 {[%clk 0:01:13]} e5
{[%clk 0:46:26]} 38. dxe5+ {[%clk 0:01:15]} fxe5 {[%clk 0:46:50]} 39. b3
{[%clk 0:01:04]} d4+ {[%clk 0:41:10]} 40. Kd3 {[%clk 0:00:44]} Rxc2
{[%clk 0:39:13]} 41. Rxc2 {[%clk 0:24:32]} Kd5 {[%clk 1:09:26]} 42. Rc7
{[%clk 0:20:10]} e4+ {[%clk 1:08:39]} 43. Kd2 {[%clk 0:18:03]} Rxb3
{[%clk 1:08:13]} 44. Rd7+ {[%clk 0:17:29]} Ke5 {[%clk 1:06:45]} 45. Re7+
{[%clk 0:15:26]} Kf5 {[%clk 1:06:08]} 46. Rxg7 {[%clk 0:15:38]} Rb2+
{[%clk 1:05:02]} 47. Ke1 {[%clk 0:13:50]} Rb1+ {[%clk 1:05:23]} 48. Ke2
{[%clk 0:08:20]} d3+ {[%clk 0:56:18]} 49. Ke3 {[%clk 0:05:58]} Rb2
{[%clk 0:55:23]} 50. Rd7 {[%clk 0:05:45]} Re2+ {[%clk 0:53:28]} 51. Kd4
{[%clk 0:06:12]} Ke6 {[%clk 0:52:52]} 52. Rd8 {[%clk 0:06:41]} g4
{[%clk 0:51:11]} 53. h3 {[%clk 0:03:03]} g3 {[%clk 0:50:58]} 54. fxg3
{[%clk 0:03:01]} d2 {[%clk 0:51:15]} 55. Kc3 {[%clk 0:03:21]} e3 {[%clk 0:51:33]}
56. Kc2 {[%clk 0:01:57]} Re1 {[%clk 0:51:50]} 57. h4 {[%clk 0:02:02]} Rc1+
{[%clk 0:52:10]} 0-1

[Event "GM/IM 2015 Chess House"]
[Site "?"]
[Date "2015.02.12"]
[Round "7.4"]
[White "Teplyi, Igor"]
[Black "Grabarczyk, Miroslaw"]
[Result "1/2-1/2"]
[LiveChessVersion "1.4.2"]
[BlackElo "2430"]
[WhiteElo "2389"]

1. d4 {[%clk 1:30:52]} d5 {[%clk 1:30:15]} 2. c4 {[%clk 1:31:05]} e6
{[%clk 1:29:18]} 3. Nf3 {[%clk 1:30:09]} Nf6 {[%clk 1:28:57]} 4. Nc3
{[%clk 1:30:31]} Be7 {[%clk 1:26:12]} 5. g3 {[%clk 1:30:50]} O-O {[%clk 1:25:10]}
6. Bg2 {[%clk 1:31:12]} dxc4 {[%clk 1:19:18]} 7. Ne5 {[%clk 1:28:35]} c5
{[%clk 1:18:17]} 8. dxc5 {[%clk 1:27:30]} Qxd1+ {[%clk 1:18:32]} 9. Nxd1
{[%clk 1:27:53]} Bxc5 {[%clk 1:18:49]} 10. O-O {[%clk 1:28:13]} Nd5
{[%clk 1:18:05]} 11. Nxc4 {[%clk 1:26:51]} Nc6 {[%clk 1:14:34]} 12. Nc3
{[%clk 1:27:01]} Nxc3 {[%clk 1:03:15]} 13. bxc3 {[%clk 1:27:23]} Rd8
{[%clk 1:03:29]} 14. Rb1 {[%clk 1:21:46]} f6 {[%clk 0:57:47]} 15. Be3
{[%clk 1:17:15]} Bxe3 {[%clk 0:56:02]} 16. Nxe3 {[%clk 1:17:38]} Kf8
{[%clk 0:50:56]} 17. Rb2 {[%clk 1:12:23]} Rd7 {[%clk 0:49:51]} 18. Rfb1
{[%clk 0:53:02]} Rc7 {[%clk 0:47:59]} 19. Nc2 {[%clk 0:47:55]} Rb8
{[%clk 0:38:08]} 20. Nd4 {[%clk 0:40:47]} Nxd4 {[%clk 0:37:04]} 21. cxd4
{[%clk 0:41:11]} b6 {[%clk 0:37:04]} 22. Be4 {[%clk 0:27:06]} h6 {[%clk 0:36:30]}
23. Bd3 {[%clk 0:24:44]} Bd7 {[%clk 0:34:44]} 24. f4 {[%clk 0:23:12]} Rbc8
{[%clk 0:28:33]} 25. Kf2 {[%clk 0:22:04]} Rc3 {[%clk 0:27:27]} 26. Rb3
{[%clk 0:13:37]} Ba4 {[%clk 0:20:44]} 27. Rb4 {[%clk 0:12:53]} Bc2
{[%clk 0:17:11]} 28. Bxc2 {[%clk 0:12:53]} Rxc2 {[%clk 0:17:35]} 29. a4
{[%clk 0:09:50]} f5 {[%clk 0:10:19]} 30. a5 {[%clk 0:06:39]} bxa5
{[%clk 0:10:07]} 31. Ra4 {[%clk 0:06:52]} R8c7 {[%clk 0:06:28]} 32. Rxa5
{[%clk 0:06:02]} Rd7 {[%clk 0:05:57]} 33. Rb4 {[%clk 0:04:27]} Kf7
{[%clk 0:04:38]} 34. Rba4 {[%clk 0:04:24]} Rd2 {[%clk 0:02:09]} 35. Ke3
{[%clk 0:02:15]} Rd1 {[%clk 0:02:33]} 36. h4 {[%clk 0:01:52]} h5 {[%clk 0:01:53]}
37. Ra6 {[%clk 0:02:00]} Kf6 {[%clk 0:01:32]} 38. R6a5 {[%clk 0:01:47]} Kf7
{[%clk 0:01:21]} 39. Ra6 {[%clk 0:01:57]} Kf6 {[%clk 0:01:40]} 40. R6a5
{[%clk 0:02:20]} Kf7 {[%clk 0:02:04]} 1/2-1/2

[Event "GM/IM 2015 Chess House"]
[Site "?"]
[Date "2015.02.12"]
[Round "7.5"]
[White "Trent, Lawrence"]
[Black "Skytte, Rasmus"]
[Result "1-0"]
[LiveChessVersion "1.4.2"]
[BlackElo "2428"]
[WhiteElo "2470"]

1. e4 {[%clk 1:30:56]} c5 {[%clk 1:30:46]} 2. Nf3 {[%clk 1:30:57]} e6
{[%clk 1:31:10]} 3. Nc3 {[%clk 1:30:31]} Nc6 {[%clk 1:26:22]} 4. Bb5
{[%clk 1:27:29]} Nge7 {[%clk 1:25:20]} 5. O-O {[%clk 1:27:50]} a6
{[%clk 1:19:02]} 6. Bxc6 {[%clk 1:27:40]} Nxc6 {[%clk 1:19:21]} 7. d4
{[%clk 1:20:49]} cxd4 {[%clk 1:18:08]} 8. Nxd4 {[%clk 1:21:14]} Qc7
{[%clk 1:16:37]} 9. Kh1 {[%clk 1:19:05]} Be7 {[%clk 1:12:58]} 10. Nxc6
{[%clk 1:04:42]} bxc6 {[%clk 1:11:02]} 11. Qg4 {[%clk 0:58:51]} O-O
{[%clk 1:07:37]} 12. Bh6 {[%clk 0:56:01]} Qe5 {[%clk 1:04:06]} 13. Bf4
{[%clk 0:51:17]} Qa5 {[%clk 1:01:09]} 14. Qg3 {[%clk 0:43:03]} f5
{[%clk 0:56:17]} 15. Be5 {[%clk 0:32:05]} g6 {[%clk 0:52:33]} 16. Rad1
{[%clk 0:27:34]} d5 {[%clk 0:47:04]} 17. exd5 {[%clk 0:15:16]} cxd5
{[%clk 0:46:54]} 18. Rfe1 {[%clk 0:15:33]} Rf7 {[%clk 0:38:36]} 19. a3
{[%clk 0:14:39]} Bd7 {[%clk 0:36:53]} 20. Ne2 {[%clk 0:12:53]} Rc8
{[%clk 0:36:21]} 21. c3 {[%clk 0:11:33]} Qb6 {[%clk 0:30:54]} 22. Rd2
{[%clk 0:09:53]} Rc4 {[%clk 0:30:59]} 23. Bd4 {[%clk 0:08:30]} Qc7
{[%clk 0:30:04]} 24. Qxc7 {[%clk 0:07:04]} Rxc7 {[%clk 0:30:28]} 25. Be5
{[%clk 0:07:24]} Rb7 {[%clk 0:29:46]} 26. Nd4 {[%clk 0:06:01]} Bc5
{[%clk 0:27:29]} 27. Nf3 {[%clk 0:04:35]} h6 {[%clk 0:26:53]} 28. h4
{[%clk 0:05:02]} f4 {[%clk 0:24:49]} 29. Nh2 {[%clk 0:04:00]} Be7
{[%clk 0:24:03]} 30. Ng4 {[%clk 0:02:05]} Kh7 {[%clk 0:23:16]} 31. Bd4
{[%clk 0:02:33]} Bxh4 {[%clk 0:22:17]} 32. Ne5 {[%clk 0:02:55]} Re7
{[%clk 0:20:33]} 33. Nxd7 {[%clk 0:02:12]} Rbxd7 {[%clk 0:20:50]} 34. Rde2
{[%clk 0:02:41]} f3 {[%clk 0:13:41]} 35. Rxe6 {[%clk 0:02:30]} Rxe6
{[%clk 0:11:28]} 36. Rxe6 {[%clk 0:02:57]} Re7 {[%clk 0:10:19]} 37. Rxe7+
{[%clk 0:02:02]} Bxe7 {[%clk 0:10:42]} 38. b4 {[%clk 0:02:30]} Kg8
{[%clk 0:08:24]} 39. a4 {[%clk 0:02:56]} Bd6 {[%clk 0:06:07]} 40. a5 1-0

[Event "GM/IM 2015 Chess House"]
[Site "?"]
[Date "2015.02.12"]
[Round "7.6"]
[White "Fries Nielsen, Jens Ove"]
[Black "Frisk, Ellinor"]
[Result "1/2-1/2"]
[LiveChessVersion "1.4.2"]
[BlackElo "2262"]
[WhiteElo "2433"]

1. b3 {[%clk 1:30:18]} e5 {[%clk 1:30:15]} 2. Bb2 {[%clk 1:30:34]} Nc6
{[%clk 1:30:18]} 3. Nf3 {[%clk 1:30:55]} e4 {[%clk 1:27:20]} 4. Ne5
{[%clk 1:29:47]} Nxe5 {[%clk 1:26:31]} 5. Bxe5 {[%clk 1:28:27]} Nf6
{[%clk 1:23:11]} 6. e3 {[%clk 1:27:47]} Be7 {[%clk 1:20:11]} 7. Be2
{[%clk 1:24:05]} O-O {[%clk 1:16:14]} 8. c4 {[%clk 1:23:15]} b6 {[%clk 1:10:52]}
9. f4 {[%clk 1:18:03]} Bb7 {[%clk 1:06:14]} 10. O-O {[%clk 1:18:06]} d6
{[%clk 1:04:41]} 11. Bb2 {[%clk 1:18:14]} d5 {[%clk 1:04:57]} 12. g4
{[%clk 1:18:19]} dxc4 {[%clk 1:02:57]} 13. bxc4 {[%clk 1:18:34]} Nd7
{[%clk 1:02:32]} 14. g5 {[%clk 1:13:26]} Nc5 {[%clk 1:02:34]} 15. Nc3
{[%clk 0:59:50]} Nd3 {[%clk 1:01:13]} 16. Rb1 {[%clk 1:00:11]} f6
{[%clk 0:56:53]} 17. Bxd3 {[%clk 0:47:32]} exd3 {[%clk 0:56:49]} 18. Qg4
{[%clk 0:42:21]} fxg5 {[%clk 0:49:54]} 19. Qe6+ {[%clk 0:41:23]} Kh8
{[%clk 0:50:19]} 20. Nd5 {[%clk 0:41:47]} Bxd5 {[%clk 0:49:19]} 21. cxd5
{[%clk 0:42:10]} gxf4 {[%clk 0:39:51]} 22. exf4 {[%clk 0:39:15]} Bf6
{[%clk 0:39:31]} 23. Be5 {[%clk 0:33:30]} Re8 {[%clk 0:31:34]} 24. Bxf6
{[%clk 0:32:35]} Qxf6 {[%clk 0:31:45]} 25. Qxf6 {[%clk 0:31:18]} gxf6
{[%clk 0:32:14]} 26. Rbc1 {[%clk 0:29:29]} Re7 {[%clk 0:27:28]} 27. Rf3
{[%clk 0:29:13]} Kg7 {[%clk 0:24:09]} 28. Rxd3 {[%clk 0:29:12]} Rd8
{[%clk 0:24:29]} 29. Kf2 {[%clk 0:27:23]} Kg6 {[%clk 0:22:09]} 30. Rc6
{[%clk 0:24:48]} Kf5 {[%clk 0:18:52]} 31. Kf3 {[%clk 0:19:55]} Red7
{[%clk 0:16:45]} 32. Re3 {[%clk 0:18:18]} h5 {[%clk 0:14:33]} 33. Ree6
{[%clk 0:17:22]} Rf8 {[%clk 0:14:47]} 34. Re3 {[%clk 0:16:29]} a5
{[%clk 0:09:51]} 35. d6 {[%clk 0:13:26]} Rxd6 {[%clk 0:10:06]} 36. Rxd6
{[%clk 0:13:44]} cxd6 {[%clk 0:10:32]} 37. Rb3 {[%clk 0:14:11]} Rc8
{[%clk 0:08:29]} 38. Rxb6 {[%clk 0:14:00]} Ke6 {[%clk 0:06:29]} 39. Ra6
{[%clk 0:08:45]} Rc5 {[%clk 0:06:34]} 40. Ke3 {[%clk 0:07:33]} Rd5
{[%clk 0:02:02]} 41. d3 {[%clk 0:05:11]} Rc5 {[%clk 0:29:56]} 42. h3
{[%clk 0:34:35]} f5 {[%clk 0:23:58]} 43. Ra8 {[%clk 0:34:10]} Rc2
{[%clk 0:20:03]} 44. Rh8 {[%clk 0:31:47]} Rxa2 {[%clk 0:20:25]} 45. Rxh5
{[%clk 0:32:14]} Rh2 {[%clk 0:17:09]} 46. Kd4 {[%clk 0:32:02]} Rf2
{[%clk 0:16:26]} 47. Rh6+ {[%clk 0:32:12]} Ke7 {[%clk 0:16:46]} 48. Kd5
{[%clk 0:31:36]} Rxf4 {[%clk 0:17:01]} 49. Re6+ {[%clk 0:31:34]} Kf7
{[%clk 0:17:21]} 50. Rxd6 {[%clk 0:32:01]} Rf3 {[%clk 0:15:57]} 51. Ke5
{[%clk 0:31:49]} Rxh3 {[%clk 0:15:58]} 52. d4 {[%clk 0:31:08]} a4
{[%clk 0:14:07]} 53. Ra6 {[%clk 0:30:53]} a3 {[%clk 0:14:20]} 54. d5
{[%clk 0:30:20]} Ke7 {[%clk 0:13:53]} 55. Ra7+ {[%clk 0:30:32]} Kd8
{[%clk 0:14:06]} 56. Kxf5 {[%clk 0:29:49]} Re3 {[%clk 0:08:55]} 57. Kf4
{[%clk 0:30:06]} Re1 {[%clk 0:09:01]} 58. Rxa3 {[%clk 0:30:24]} Kd7
{[%clk 0:09:28]} 59. Ra6 {[%clk 0:30:46]} Re2 {[%clk 0:09:50]} 60. Re6
{[%clk 0:31:06]} Rxe6 {[%clk 0:10:13]} 61. dxe6+ {[%clk 0:31:35]} Kxe6
{[%clk 0:10:37]} 1/2-1/2

[Event "GM/IM 2015 Chess House"]
[Site "?"]
[Date "2015.02.12"]
[Round "7.7"]
[White "Schou-Moldt, Thomas"]
[Black "Percivaldi, Martin"]
[Result "1-0"]
[LiveChessVersion "1.4.2"]
[BlackElo "2337"]
[WhiteElo "2195"]

1. d4 {[%clk 1:23:16]} d5 {[%clk 1:30:15]} 2. Nf3 {[%clk 1:23:39]} Nf6
{[%clk 1:30:24]} 3. c4 {[%clk 1:24:04]} dxc4 {[%clk 1:29:59]} 4. e3
{[%clk 1:24:23]} b5 {[%clk 1:30:20]} 5. a4 {[%clk 1:24:33]} b4 {[%clk 1:30:27]}
6. Bxc4 {[%clk 1:24:15]} e6 {[%clk 1:30:10]} 7. a5 {[%clk 1:17:09]} a6
{[%clk 1:17:29]} 8. O-O {[%clk 1:14:12]} Be7 {[%clk 1:16:50]} 9. Nbd2
{[%clk 1:14:32]} O-O {[%clk 1:14:06]} 10. Qe2 {[%clk 1:13:18]} Nbd7
{[%clk 1:10:56]} 11. Rd1 {[%clk 1:08:32]} c5 {[%clk 1:06:42]} 12. Nb3
{[%clk 1:08:03]} Qc7 {[%clk 1:01:34]} 13. Bd2 {[%clk 1:05:30]} cxd4
{[%clk 0:57:57]} 14. exd4 {[%clk 1:05:24]} Bb7 {[%clk 0:52:09]} 15. Rac1
{[%clk 1:03:51]} Qd8 {[%clk 0:41:55]} 16. Ng5 {[%clk 0:56:32]} Kh8
{[%clk 0:34:36]} 17. Re1 {[%clk 0:47:34]} Qe8 {[%clk 0:26:25]} 18. Bd3
{[%clk 0:44:17]} h6 {[%clk 0:24:10]} 19. Nf3 {[%clk 0:42:02]} Bd5
{[%clk 0:21:14]} 20. Qd1 {[%clk 0:42:10]} Qb8 {[%clk 0:18:52]} 21. Ne5
{[%clk 0:34:14]} Qb7 {[%clk 0:18:06]} 22. Bf4 {[%clk 0:19:14]} Kg8
{[%clk 0:13:20]} 23. Nxd7 {[%clk 0:16:55]} Qxd7 {[%clk 0:13:43]} 24. Nc5
{[%clk 0:16:12]} Bxc5 {[%clk 0:13:34]} 25. dxc5 {[%clk 0:12:52]} Rfc8
{[%clk 0:12:45]} 26. Re3 {[%clk 0:12:24]} h5 {[%clk 0:10:59]} 27. Rg3
{[%clk 0:10:31]} Be4 {[%clk 0:10:53]} 28. Be5 {[%clk 0:09:43]} Bg6
{[%clk 0:08:54]} 29. c6 {[%clk 0:04:33]} Rxc6 {[%clk 0:06:40]} 30. Rxc6
{[%clk 0:05:01]} Qxc6 {[%clk 0:07:05]} 31. Bxg6 {[%clk 0:04:41]} fxg6
{[%clk 0:07:27]} 32. Bxf6 {[%clk 0:04:54]} gxf6 {[%clk 0:07:49]} 33. Rxg6+
{[%clk 0:05:16]} Kf7 {[%clk 0:08:14]} 34. Rh6 {[%clk 0:05:28]} Qd5
{[%clk 0:03:51]} 35. Qc2 {[%clk 0:03:02]} Rc8 {[%clk 0:04:20]} 36. Rh7+
{[%clk 0:02:36]} Kg8 {[%clk 0:04:45]} 37. Qg6+ {[%clk 0:02:56]} 1-0

[Event "GM/IM 2015 Chess House"]
[Site "?"]
[Date "2015.02.12"]
[Round "7.8"]
[White "Ahlander, Bjørn"]
[Black "Meskovs, Nikita"]
[Result "0-1"]
[LiveChessVersion "1.4.2"]
[BlackElo "2454"]
[WhiteElo "2389"]

1. e4 {[%clk 1:30:57]} c5 {[%clk 1:30:54]} 2. Nf3 {[%clk 1:31:21]} e6
{[%clk 1:31:19]} 3. d4 {[%clk 1:31:43]} cxd4 {[%clk 1:31:42]} 4. Nxd4
{[%clk 1:32:05]} a6 {[%clk 1:32:07]} 5. Bd3 {[%clk 1:32:18]} Nf6 {[%clk 1:32:22]}
6. O-O {[%clk 1:32:32]} Qc7 {[%clk 1:32:50]} 7. Qe2 {[%clk 1:32:30]} d6
{[%clk 1:32:29]} 8. c4 {[%clk 1:32:21]} g6 {[%clk 1:31:12]} 9. Nc3
{[%clk 1:32:12]} Bg7 {[%clk 1:31:35]} 10. Nf3 {[%clk 1:31:41]} Nc6
{[%clk 1:30:07]} 11. Bf4 {[%clk 1:31:48]} O-O {[%clk 1:29:46]} 12. Rfd1
{[%clk 1:28:32]} Nd7 {[%clk 1:28:14]} 13. Rac1 {[%clk 1:28:34]} Nce5
{[%clk 1:27:49]} 14. b3 {[%clk 1:27:47]} b6 {[%clk 1:27:40]} 15. Bb1
{[%clk 1:27:45]} Nxf3+ {[%clk 1:26:10]} 16. Qxf3 {[%clk 1:27:13]} Ne5
{[%clk 1:26:33]} 17. Qe3 {[%clk 1:27:08]} Rd8 {[%clk 1:24:41]} 18. h3
{[%clk 1:26:43]} Rb8 {[%clk 1:16:02]} 19. Bh6 {[%clk 1:23:07]} Bxh6
{[%clk 1:07:07]} 20. Qxh6 {[%clk 1:23:33]} f6 {[%clk 1:07:31]} 21. f4
{[%clk 1:16:17]} Nf7 {[%clk 1:05:15]} 22. Qh4 {[%clk 1:14:14]} Kg7
{[%clk 1:05:34]} 23. Kh1 {[%clk 1:13:03]} Qc5 {[%clk 0:59:57]} 24. e5
{[%clk 0:58:40]} f5 {[%clk 0:23:13]} 25. Qf6+ {[%clk 0:48:34]} Kg8
{[%clk 0:23:37]} 26. Nd5 {[%clk 0:46:55]} Re8 {[%clk 0:04:34]} 27. Ne7+
{[%clk 0:22:46]} Kf8 {[%clk 0:05:02]} 28. exd6 {[%clk 0:21:19]} Bb7
{[%clk 0:05:31]} 29. Qd4 {[%clk 0:17:14]} Rbd8 {[%clk 0:05:15]} 30. Qxc5
{[%clk 0:03:08]} bxc5 {[%clk 0:05:44]} 31. b4 {[%clk 0:03:31]} Rxd6
{[%clk 0:05:54]} 32. Rxd6 {[%clk 0:03:41]} Nxd6 {[%clk 0:06:22]} 33. bxc5
{[%clk 0:04:00]} Ne4 {[%clk 0:06:51]} 34. c6 {[%clk 0:04:06]} Ba8
{[%clk 0:07:19]} 35. Bxe4 {[%clk 0:03:22]} fxe4 {[%clk 0:07:47]} 36. Rd1
{[%clk 0:01:29]} Kxe7 {[%clk 0:08:07]} 37. Rd7+ {[%clk 0:01:49]} Kf6
{[%clk 0:08:18]} 38. c7 {[%clk 0:02:09]} Rc8 {[%clk 0:08:41]} 39. Rxh7
{[%clk 0:01:47]} e3 {[%clk 0:06:24]} 40. Kg1 {[%clk 0:02:01]} Kf5
{[%clk 0:06:47]} 41. Kf1 {[%clk 0:29:47]} Kxf4 {[%clk 0:36:35]} 42. Rf7+
{[%clk 0:27:32]} Ke5 {[%clk 0:36:26]} 43. c5 {[%clk 0:27:29]} Kd4
{[%clk 0:36:00]} 44. h4 {[%clk 0:21:29]} Kd3 {[%clk 0:32:10]} 45. Rd7+
{[%clk 0:20:39]} Bd5 {[%clk 0:32:38]} 46. Ke1 {[%clk 0:20:46]} e2
{[%clk 0:32:57]} 47. Rf7 {[%clk 0:19:55]} Bxg2 {[%clk 0:33:20]} 48. Rd7+
{[%clk 0:19:21]} Bd5 {[%clk 0:33:34]} 49. Rf7 {[%clk 0:19:43]} Bxa2
{[%clk 0:33:14]} 50. Rf3+ {[%clk 0:19:55]} Kd4 {[%clk 0:32:51]} 51. Rf7
{[%clk 0:18:40]} Bc4 {[%clk 0:32:52]} 52. c6 {[%clk 0:17:54]} Kc5
{[%clk 0:32:29]} 53. Rg7 {[%clk 0:17:46]} Kxc6 {[%clk 0:32:38]} 0-1